000 00676nam a2200193Ii 4500
003 JO-AjNU
008 230605s9999||||xx |||||||||||||| ||und||
040 _aJO-AjNU
_bara
_erda
_cJO-AjNU
041 _aara
050 1 4 _aTS155.H5688
100 3 _aالشرقاوي، علي ,
_eauthor
_916580
245 0 0 _aادارة النشاط الانتاجي في المشروعات الصناعية
264 3 1 _aبيروت :دار النهضة العربية،د.ت
300 _a404ص
336 _atext
_btxt
_2rdacontent
337 _aunmediated
_bn
_2rdamedia
338 _avolume
_bnc
_2rdacarrier
650 4 _aالنشاط الانتاجي -المشروع الصناعي
_916581
999 _aA4947
_c8515
_d8515